| 000 | 00562nam a2200193Ia 4500 | ||
|---|---|---|---|
| 003 | LK-CoDNM | ||
| 005 | 20241127143819.0 | ||
| 008 | 010623t1971 xxu||||| |||| 00| 1 sin d | ||
| 040 |
_aLK-CoDNM _dLK-CoDNM _eLK-CoDNM |
||
| 041 | _asin | ||
| 080 |
_a294.31 _bDHA |
||
| 100 | _aAnagarika Dharmapalita Thero,Kegolle. | ||
| 245 | _aබෞද්ධ හස්ත සාරය | ||
| 246 | _aBauddha Hasta Saraya | ||
| 260 |
_bSri Saddharma Bauddha Samithi Ekabaddha Sangamaya _c1971 |
||
| 300 | _b87p. : 18 cm | ||
| 650 | _aබුදු දහම | ||
| 942 | _cBK | ||
| 999 |
_c108594 _d108594 |
||